| 000 | 00625nam a22001937a 4500 | ||
|---|---|---|---|
| 999 |
_c180544 _d180544 |
||
| 005 | 20210811121424.0 | ||
| 010 | _aENG-129727 | ||
| 020 |
_c850.00 _a978-01-99494-04-0 |
||
| 035 | _aEN-113259 | ||
| 037 | _bDBAD/PUB | ||
| 082 | _a338.95491 | ||
| 100 | _aHusain,Ishrat | ||
| 245 |
_aGoverning the Ungovernable: _cDipankar Gupta _bInstitutional Reforms for Democratic governance/ |
||
| 250 | _a2018 | ||
| 260 |
_bOxford University press _c2018 _aNew Delhi |
||
| 270 |
_a2/11 Ground floor,Ansari Road,Daryaganj _bNew Delhi _e110002 |
||
| 300 |
_axvii;550p. _c28cm (hbk) |
||
| 942 |
_2ddc _cEN _h338.95491 _kHUS |
||